[Event "Berlin Lichtenrade op 09th"]
[Site "Berlin"]
[Date "2013.09.28"]
[Round "1"]
[White "Koischwitz, Wanja"]
[Black "Gutman, Lev"]
[Result "0-1"]
[WhiteElo "1849"]
[BlackElo "2432"]
[PlyCount "31"]
[EventDate "2013.09.28"]
[EventType "swiss"]
[EventRounds "9"]
[EventCountry "GER"]
[SourceTitle "CBM 156 Extra"]
[Source "ChessBase"]
[SourceDate "2013.10.22"]
[SourceVersion "1"]
[SourceVersionDate "2013.10.22"]
[SourceQuality "1"]

1. d4 Nf6 2. Nf3 g6 3. e3 Bg7 4. Nbd2 0-0 5. b3 c5 6. Bb2 cxd4 7. exd4 Nd5 8. Bc4 Nf4 9. 0-0 d5 10. Be2 Nc6 11. Re1 Bf5 12. Nf1 Be4 13. c3 e5 14. dxe5 Nxe5 15. Ng3 Ned3 16. Bxd3 0-1

[Event "Berlin Lichtenberger op 10th"]
[Site "Berlin"]
[Date "2011.08.14"]
[Round "3"]
[White "Koischwitz, Wanja"]
[Black "Muenstermann, Claudia"]
[Result "1-0"]
[WhiteElo "1813"]
[BlackElo "1838"]
[PlyCount "53"]
[EventDate "2011.08.13"]
[EventType "swiss"]
[EventRounds "9"]
[EventCountry "GER"]
[SourceTitle "CBM 143 Extra"]
[Source "ChessBase"]
[SourceDate "2011.08.29"]
[SourceVersion "1"]
[SourceVersionDate "2011.08.29"]
[SourceQuality "1"]

1. d4 d5 2. Nf3 Nf6 3. e3 e6 4. Bd3 c5 5. c3 Be7 6. 0-0 0-0 7. Nbd2 Nc6 8. dxc5 Bxc5 9. Qe2 Qc7 10. e4 h6 11. h3 b6 12. Re1 Bb7 13. e5 Nd7 14. Bc2 Rfd8 15. Nb3 Bf8 16. Nbd4 g6 17. Nxc6 Bxc6 18. Bf4 Bg7 19. Qe3 Kh7 20. h4 Nc5 21. h5 Ne4 22. hxg6+ fxg6 23. Nd4 Re8 24. f3 Nc5 25. Kf2 Nd7 26. Rh1 h5 27. Rxh5+ 1-0

[Event "Berlin-ch qualification"]
[Site "Berlin-Lichtenrade"]
[Date "2011.04.29"]
[Round "7.8"]
[White "Koischwitz, Wanja"]
[Black "Schmidt, Juergen"]
[Result "1/2-1/2"]
[WhiteElo "1792"]
[BlackElo "2025"]
[PlyCount "84"]
[EventDate "2011.04.23"]
[EventType "swiss"]
[EventRounds "9"]
[EventCountry "GER"]
[SourceTitle "EXT 2022"]
[Source "ChessBase"]
[SourceDate "2021.10.06"]
[SourceVersion "1"]
[SourceVersionDate "2021.10.06"]
[SourceQuality "1"]

1. d4 d5 2. Nf3 Nf6 3. e3 Bf5 4. Bd3 Bg6 5. 0-0 Nbd7 6. b3 e6 7. Ba3 Be7 8. c4 c6 9. Bxe7 Qxe7 10. Re1 Ne4 11. cxd5 exd5 12. Bxe4 dxe4 13. Nfd2 0-0 14. Nc3 Rfe8 15. a3 Rad8 16. b4 Nf6 17. Nc4 Nd7 18. Qe2 Qg5 19. Nd6 Re6 20. Nxb7 Rb8 21. Nc5 Nxc5 22. bxc5 Bh5 23. Qf1 Rbe8 24. Rab1 Rh6 25. Nxe4 Qh4 26. f3 Bg6 27. h3 Bxe4 28. fxe4 Qxe4 29. Rb7 Rf6 30. Qe2 Ra8 31. Reb1 h6 32. Rb8+ Rxb8 33. Rxb8+ Kh7 34. Rb2 Re6 35. Rb7 f5 36. Qf2 a5 37. Ra7 Rf6 38. Qf4 Qb1+ 39. Kh2 Qb5 40. Qe5 Rg6 41. Rxg7+ Rxg7 42. Qxf5+ Kh8 1/2-1/2

[Event "Berlin Lichtenberger op 9th"]
[Site "Berlin"]
[Date "2010.08.15"]
[Round "9"]
[White "Becker, Uwe"]
[Black "Koischwitz, Wanja"]
[Result "0-1"]
[WhiteElo "1801"]
[BlackElo "1773"]
[PlyCount "68"]
[EventDate "2010.08.07"]
[EventType "swiss"]
[EventRounds "9"]
[EventCountry "GER"]
[SourceTitle "CBM 137 Extra"]
[Source "ChessBase"]
[SourceDate "2010.09.01"]
[SourceVersion "1"]
[SourceVersionDate "2010.09.01"]
[SourceQuality "1"]

1. Nf3 Nf6 2. d4 d5 3. c4 Nc6 4. Nc3 Bg4 5. e3 e6 6. cxd5 Bxf3 7. Qxf3 exd5 8. Bb5 Bb4 9. 0-0 0-0 10. Ne2 Ne7 11. a3 Bd6 12. Bd3 Ng6 13. Bxg6 fxg6 14. Nc3 c6 15. Qe2 Qc7 16. h3 Rae8 17. Bd2 Qd7 18. Rac1 g5 19. g4 h5 20. f3 hxg4 21. fxg4 Qe6 22. Rf2 c5 23. dxc5 Bxc5 24. Nd1 Bb6 25. Bb4 Rf7 26. Bc5 Rc7 27. b4 Bxc5 28. Rxc5 Rxc5 29. bxc5 Ne4 30. Rf3 Nxc5 31. Qb5 b6 32. Kg2 Rd8 33. Qb4 Qe4 34. Qc3 Rf8 0-1

[Event "Berlin Lichtenberger op 9th"]
[Site "Berlin"]
[Date "2010.08.14"]
[Round "8"]
[White "Koischwitz, Wanja"]
[Black "Mai, Andreas"]
[Result "0-1"]
[WhiteElo "1773"]
[BlackElo "1949"]
[PlyCount "108"]
[EventDate "2010.08.07"]
[EventType "swiss"]
[EventRounds "9"]
[EventCountry "GER"]
[SourceTitle "CBM 137 Extra"]
[Source "ChessBase"]
[SourceDate "2010.09.01"]
[SourceVersion "1"]
[SourceVersionDate "2010.09.01"]
[SourceQuality "1"]

1. d4 Nf6 2. Nf3 g6 3. e3 Bg7 4. Be2 0-0 5. 0-0 d6 6. b3 Nc6 7. Bb2 Ne4 8. Nbd2 Nxd2 9. Qxd2 e5 10. d5 Ne7 11. c4 h6 12. h3 f5 13. Nh2 f4 14. e4 g5 15. Bh5 Kh7 16. Rac1 Ng6 17. Bxg6+ Kxg6 18. Qe2 h5 19. c5 Rh8 20. f3 Bf8 21. Rc2 b6 22. cxd6 Bxd6 23. Rfc1 a5 24. a4 Ba6 25. Qd1 Qe7 26. Nf1 Bc5+ 27. Rxc5 bxc5 28. Ba3 Rhb8 29. Rxc5 Kg7 30. Qc2 Rb7 31. b4 axb4 32. Bxb4 Kg8 33. Qa2 Rxb4 34. Rc6 Qf7 35. Nd2 Bb7 36. Re6 Raxa4 37. Qc2 Rd4 38. Rxe5 Qg7 39. Re6 Ra1+ 40. Kh2 g4 41. hxg4 hxg4 42. Re8+ Kh7 43. e5+ Kh6 44. Re6+ Kg5 45. Nb1 Bxd5 46. Rf6 g3+ 47. Kg1 Rd1+ 48. Qxd1 Ba2 49. Rf5+ Kxf5 50. Qd3+ Ke6 51. Qa6+ Ke7 52. Qa3+ Kf7 53. Kf1 Rxb1+ 54. Ke2 Qxe5+ 0-1

[Event "Berlin Lichtenberger op 9th"]
[Site "Berlin"]
[Date "2010.08.09"]
[Round "3"]
[White "Welz, Peter"]
[Black "Koischwitz, Wanja"]
[Result "1-0"]
[WhiteElo "2162"]
[BlackElo "1773"]
[PlyCount "59"]
[EventDate "2010.08.07"]
[EventType "swiss"]
[EventRounds "9"]
[EventCountry "GER"]
[SourceTitle "CBM 137 Extra"]
[Source "ChessBase"]
[SourceDate "2010.09.01"]
[SourceVersion "1"]
[SourceVersionDate "2010.09.01"]
[SourceQuality "1"]

1. e4 Nf6 2. e5 Nd5 3. d4 d6 4. c4 Nb6 5. f4 dxe5 6. fxe5 Nc6 7. Be3 Bf5 8. Nc3 e6 9. Nf3 Bg4 10. Be2 Be7 11. 0-0 0-0 12. b3 f6 13. exf6 Bxf6 14. Ne4 Bxf3 15. Nxf6+ Qxf6 16. Bxf3 Qe7 17. Qe2 Rad8 18. Rad1 a5 19. Bf2 a4 20. Rfe1 axb3 21. axb3 Na5 22. Rd3 Qb4 23. Qxe6+ Kh8 24. Bh4 Rd7 25. c5 Rxd4 26. Rxd4 Qxd4+ 27. Bf2 Qb4 28. cxb6 c6 29. Qe7 Qf4 30. Be3 1-0

[Event "Berlin Eckbauer op 12th"]
[Site "Berlin"]
[Date "2009.10.26"]
[Round "6.14"]
[White "Koischwitz, Wanja"]
[Black "Korell, Klaus Peter"]
[Result "0-1"]
[WhiteElo "1720"]
[BlackElo "2008"]
[PlyCount "72"]
[EventDate "2009.09.14"]
[EventType "swiss"]
[EventRounds "7"]
[EventCountry "GER"]
[SourceTitle "EXT 2022"]
[Source "ChessBase"]
[SourceDate "2021.10.06"]
[SourceVersion "1"]
[SourceVersionDate "2021.10.06"]
[SourceQuality "1"]

1. d4 d5 2. Nf3 Nf6 3. e3 e6 4. Bd3 c5 5. c3 Nc6 6. 0-0 Bd6 7. Nbd2 0-0 8. dxc5 Bxc5 9. Qe2 e5 10. e4 d4 11. Nb3 Bb6 12. cxd4 Nxd4 13. Nbxd4 Bxd4 14. Nxd4 Qxd4 15. Be3 Qb4 16. a3 Qe7 17. Rac1 b6 18. Bd2 Rd8 19. Bb4 Qb7 20. f3 Be6 21. Ba6 Qd7 22. Rfd1 Qe8 23. Bd6 Bc8 24. Bb5 Bd7 25. Bxd7 Rxd7 26. Rc7 Rad8 27. Rc6 Qe6 28. Qc4 Qxc4 29. Rxc4 Ne8 30. Rc2 Nxd6 31. Rcd2 f6 32. g3 Kf7 33. f4 Ke6 34. fxe5 fxe5 35. Re2 Rc8 36. Kg2 Rc4 0-1

[Event "Berlin Eckbauer op 12th"]
[Site "Berlin"]
[Date "2009.09.21"]
[Round "2.11"]
[White "Koischwitz, Wanja"]
[Black "Schmalzried, Volker"]
[Result "1/2-1/2"]
[WhiteElo "1720"]
[BlackElo "1875"]
[PlyCount "127"]
[EventDate "2009.09.14"]
[EventType "swiss"]
[EventRounds "7"]
[EventCountry "GER"]
[SourceTitle "EXT 2022"]
[Source "ChessBase"]
[SourceDate "2021.10.06"]
[SourceVersion "1"]
[SourceVersionDate "2021.10.06"]
[SourceQuality "1"]

1. d4 g6 2. Nf3 Bg7 3. e3 c5 4. Be2 cxd4 5. exd4 Nf6 6. 0-0 0-0 7. b3 d5 8. Bb2 Nc6 9. Nbd2 Bf5 10. Nh4 Bd7 11. f4 Ne4 12. Nhf3 Qb6 13. Nxe4 dxe4 14. Ne5 Nxe5 15. fxe5 Bxe5 16. Kh1 Bg7 17. c4 Rad8 18. c5 Qc7 19. b4 Bc6 20. b5 Bd5 21. Qa4 e5 22. Rac1 exd4 23. Bxd4 Bxd4 24. Qxd4 Bxa2 25. Qxe4 Rfe8 26. Qc2 Bd5 27. Bf3 Bxf3 28. Rxf3 Re5 29. Rc3 Rde8 30. Qf2 Re2 31. Qg3 Qxg3 32. hxg3 Rc8 33. Ra3 Rb2 34. c6 bxc6 35. bxc6 Rb6 36. Rac3 a5 37. c7 Rb7 38. Kh2 a4 39. Ra3 Rbxc7 40. Rxc7 Rxc7 41. Rxa4 Kg7 42. Kh3 h5 43. Ra8 g5 44. Ra5 Kg6 45. Ra6+ f6 46. Ra8 Rc1 47. Kh2 Re1 48. Rg8+ Kf5 49. Rf8 Re4 50. Rh8 Kg4 51. Rh6 f5 52. Rd6 h4 53. Rd3 hxg3+ 54. Rxg3+ Kf4 55. Rf3+ Ke5 56. Ra3 g4 57. Ra5+ Kf6 58. Ra6+ Kg5 59. Ra8 Re3 60. Rg8+ Kf4 61. Ra8 g3+ 62. Kh3 Re1 63. Ra4+ Re4 64. Ra7 1/2-1/2